|
|
|
|
| LEADER |
00000nab#a22000007a#4500 |
| 001 |
arbauad029684 |
| 003 |
AR-BaUAD |
| 005 |
20250711112411.0 |
| 008 |
971226|||||||||###||||||b###|0###a|spa|| |
| 040 |
|
|
|a AR-BaUAD
|c AR-BaUAD
|b spa
|
| 245 |
1 |
0 |
|a 1997 Design Annual
|
| 300 |
0 |
|
|b fot., il.
|
| 500 |
|
|
|a Anuario de diseño gráfico: editorial, packaging, catalogos, imagen corporativa, etc.
|
| 653 |
|
|
|a DISEÑO GRAFICO
|
| 653 |
|
|
|a CATALOGOS
|
| 653 |
|
|
|a FOLLETOS
|
| 653 |
|
|
|a ANUARIOS
|
| 653 |
|
|
|a DISEÑO EDITORIAL
|
| 653 |
|
|
|a PACKAGING
|
| 653 |
|
|
|a PRODUCTOS
|
| 653 |
|
|
|a AFICHES
|
| 653 |
|
|
|a INSTITUCIONES
|
| 653 |
|
|
|a ISOTIPOS
|
| 653 |
|
|
|a LOGOTIPOS
|
| 653 |
|
|
|a IMAGEN CORPORATIVA
|
| 653 |
|
|
|a ISOLOGOTIPOS
|
| 653 |
|
|
|a BOTELLAS
|
| 653 |
|
|
|a BOLSAS
|
| 653 |
|
|
|a PAPELERIA
|
| 653 |
|
|
|a PROMOCION
|
| 653 |
|
|
|a LIBROS
|
| 653 |
|
|
|a VIDRIERAS
|
| 653 |
|
|
|a EXHIBIDORES
|
| 653 |
|
|
|a DISCOS COMPACTOS
|
| 653 |
|
|
|a 1997
|
| 773 |
0 |
|
|t COMMUNICATION ARTS
|g no. 276 [nov. 1997], p. 6-178
|
| 942 |
|
|
|c ARTI
|
| 952 |
|
|
|0 0
|1 0
|4 0
|7 0
|9 74603
|a AR-BAuAD
|b AR-BAuAD
|d 2025-07-11
|l 0
|p AAQA029684
|r 2025-07-11 11:24:11
|w 2025-07-11
|y ARTI
|
| 990 |
|
|
|a DG199
|b TD
|
| 998 |
|
|
|a AAQ
|b BIBUN76
|
| 999 |
|
|
|c 54276
|d 54276
|